[Event "NOR-chB"]
[Site "Oslo"]
[Date "2023.07.01"]
[Round "1"]
[White "Lange, David"]
[Black "Svendsen, Per Gisle"]
[Result "1-0"]
[WhiteElo "1987"]
[BlackElo "1849"]
[PlyCount "83"]
[EventDate "2023.06.30"]
[EventType "swiss"]
[EventRounds "9"]
[EventCountry "NOR"]
[SourceTitle "EXT 2024"]
[Source "ChessBase"]
[SourceDate "2023.10.10"]
[SourceVersion "1"]
[SourceVersionDate "2023.10.10"]
[SourceQuality "1"]

1. d4 f5 2. Nf3 Nf6 3. c4 g6 4. Nc3 Bg7 5. g3 0-0 6. Bg2 d6 7. 0-0 c6 8. Qb3 h6 9. Qc2 Qe8 10. e4 e5 11. dxe5 dxe5 12. Re1 fxe4 13. Nxe4 Nxe4 14. Qxe4 Bf5 15. Qe2 Nd7 16. Be3 Qf7 17. Nd2 Qe6 18. Ne4 Bg4 19. f3 Bh3 20. Rad1 Bxg2 21. Kxg2 Nf6 22. Rd6 Qf5 23. Bc5 Rf7 24. Rd2 Nxe4 25. Qxe4 b6 26. Bb4 Re8 27. Bc3 Kh7 28. Rd6 Ref8 29. Qxf5 Rxf5 30. Re3 h5 31. Rxc6 g5 32. Rc7 Kg6 33. Rxa7 g4 34. f4 Rd8 35. Rb7 Rd6 36. Re2 Rc6 37. b3 Bf8 38. Bxe5 Bc5 39. Rd2 Rf8 40. Rbd7 Re6 41. Bd6 Be3 42. Bxf8 1-0

[Event "Pula op 29th"]
[Site "Pula"]
[Date "2015.06.13"]
[Round "1"]
[White "Van Delft, Merijn"]
[Black "Lange, David"]
[Result "1-0"]
[WhiteElo "2422"]
[BlackElo "1938"]
[PlyCount "125"]
[EventDate "2015.06.13"]
[EventType "swiss"]
[EventRounds "9"]
[EventCountry "CRO"]
[SourceTitle "CBM 167 Extra"]
[Source "ChessBase"]
[SourceDate "2015.09.14"]
[SourceVersion "1"]
[SourceVersionDate "2015.09.14"]
[SourceQuality "1"]

1. e4 c5 2. Nf3 d6 3. d4 cxd4 4. Nxd4 Nf6 5. Nc3 a6 6. Bg5 e6 7. f4 Be7 8. Qf3 0-0 9. 0-0-0 Qc7 10. Be2 Nc6 11. Qg3 Nxd4 12. Rxd4 b5 13. e5 Ne8 14. Bxe7 Qxe7 15. Rhd1 d5 16. f5 exf5 17. Nxd5 Qe6 18. Kb1 Ra7 19. Bf3 Qg6 20. Qf2 Be6 21. Nb4 f6 22. Rd6 Nxd6 23. Qxa7 fxe5 24. Qxa6 e4 25. Qxd6 exf3 26. gxf3 Bc4 27. Qxg6 hxg6 28. Rd2 f4 29. b3 Bf1 30. Rf2 Bh3 31. Kc1 g5 32. Nc6 Kh7 33. a3 Bd7 34. Ne5 Bf5 35. Rd2 Re8 36. Rd5 Rc8 37. Rd2 Re8 38. Re2 g4 39. Kd2 gxf3 40. Nxf3 Rxe2+ 41. Kxe2 Bxc2 42. Nd4 Be4 43. Nxb5 Bd5 44. Nd4 g5 45. b4 Kg8 46. a4 Kf8 47. Kf2 g4 48. Ne2 g3+ 49. hxg3 fxg3+ 50. Kxg3 Ke8 51. Kf4 Kd7 52. Ke5 Bb3 53. a5 Kc7 54. Kd4 Kb7 55. b5 Bd1 56. Nc3 Bg4 57. Kc5 Ka7 58. Nd5 Be2 59. Nb4 Ka8 60. Kb6 Bg4 61. Nd5 Bf3 62. Nc7+ Kb8 63. a6 1-0

[Event "As CC-ch A"]
[Site "As"]
[Date "2012.04.12"]
[Round "7"]
[White "Furnes, Torstein"]
[Black "Lange, David"]
[Result "0-1"]
[WhiteElo "1585"]
[BlackElo "1803"]
[PlyCount "76"]
[EventDate "2012.01.19"]
[EventType "tourn"]
[EventRounds "9"]
[EventCountry "NOR"]
[SourceTitle "EXT 2024"]
[Source "ChessBase"]
[SourceDate "2023.10.10"]
[SourceVersion "1"]
[SourceVersionDate "2023.10.10"]
[SourceQuality "1"]

1. d4 d5 2. c4 c6 3. e3 Nf6 4. Nf3 e6 5. Nc3 Be7 6. Bd3 0-0 7. 0-0 b6 8. Re1 Bb7 9. cxd5 exd5 10. Ne5 Nbd7 11. f4 Re8 12. g4 c5 13. g5 Ne4 14. Nxe4 dxe4 15. Bc4 Nxe5 16. dxe5 Qxd1 17. Rxd1 Red8 18. Bd2 a6 19. a4 Bd5 20. Bxd5 Rxd5 21. Bc3 Rad8 22. Rxd5 Rxd5 23. Kf2 Kf8 24. Ke2 Ke8 25. Rd1 Rxd1 26. Kxd1 Kd7 27. e6+ Kxe6 28. Bxg7 Kd5 29. Kc2 Kc4 30. b3+ Kd5 31. Kc3 b5 32. axb5 axb5 33. h3 b4+ 34. Kc2 c4 35. bxc4+ Kxc4 36. Bb2 b3+ 37. Kd1 Kd3 38. Bc1 Bc5 0-1

[Event "As CC-ch A"]
[Site "As"]
[Date "2012.01.26"]
[Round "2"]
[White "Lange, David"]
[Black "Kielland Lund, Jon"]
[Result "1/2-1/2"]
[WhiteElo "1803"]
[BlackElo "1625"]
[PlyCount "51"]
[EventDate "2012.01.19"]
[EventType "tourn"]
[EventRounds "9"]
[EventCountry "NOR"]
[SourceTitle "EXT 2024"]
[Source "ChessBase"]
[SourceDate "2023.10.10"]
[SourceVersion "1"]
[SourceVersionDate "2023.10.10"]
[SourceQuality "1"]

1. d4 d5 2. Nf3 Nf6 3. c4 c6 4. Nc3 dxc4 5. e4 b5 6. Qc2 a6 7. Be3 e6 8. Rd1 Bb7 9. Bg5 Be7 10. e5 Nd5 11. Bxe7 Qxe7 12. Ne4 0-0 13. Nfg5 f5 14. Nd6 Qxg5 15. Nxb7 Nd7 16. h4 Qe7 17. Nd6 N7b6 18. a3 Nc8 19. Nxc8 Raxc8 20. Be2 Qd8 21. Qd2 Rf7 22. Bf3 Rd7 23. Ke2 Ne7 24. Qe3 Nd5 25. Qd2 Ne7 26. Qe3 1/2-1/2

[Event "As CC-ch A"]
[Site "As"]
[Date "2012.01.19"]
[Round "1"]
[White "Bakken, Svein Erik"]
[Black "Lange, David"]
[Result "0-1"]
[WhiteElo "1434"]
[BlackElo "1803"]
[PlyCount "106"]
[EventDate "2012.01.19"]
[EventType "tourn"]
[EventRounds "9"]
[EventCountry "NOR"]
[SourceTitle "EXT 2024"]
[Source "ChessBase"]
[SourceDate "2023.10.10"]
[SourceVersion "1"]
[SourceVersionDate "2023.10.10"]
[SourceQuality "1"]

1. d4 d5 2. c4 c6 3. Nc3 Nf6 4. Nf3 g6 5. Bf4 Bg7 6. e3 0-0 7. Be2 Bf5 8. Qb3 b6 9. 0-0 dxc4 10. Bxc4 b5 11. Be2 Be6 12. Qc2 Qb6 13. Rac1 Rc8 14. a3 a5 15. Ng5 Bd7 16. Nge4 Na6 17. Nxf6+ Bxf6 18. Ne4 Bg7 19. Nc5 Nxc5 20. Qxc5 Qxc5 21. Rxc5 Bf8 22. Rcc1 f6 23. Bf3 Ra6 24. Rc2 g5 25. Bg3 Bf5 26. Rcc1 Rb6 27. h3 b4 28. e4 Bd7 29. axb4 Rxb4 30. Rc2 Rxd4 31. Rfc1 e5 32. Rc4 Rxc4 33. Rxc4 Rb8 34. Rc2 Rb4 35. Bg4 Be8 36. f3 Rd4 37. Bf2 Rd3 38. Bc5 a4 39. Bxf8 Kxf8 40. Rc4 Rd4 41. Rc2 Ke7 42. Kf2 Kd6 43. Ke3 c5 44. g3 Bb5 45. Rc3 c4 46. f4 Kc5 47. fxg5 fxg5 48. h4 h6 49. Be2 Kb4 50. hxg5 hxg5 51. g4 Bc6 52. Bf3 Bb7 53. Bg2 Rd3+ 0-1

[Event "Montreal Mercredi 12"]
[Site "Montreal"]
[Date "2010.05.26"]
[Round "3"]
[White "Gagnon, Serge"]
[Black "Lange, David"]
[Result "1-0"]
[WhiteElo "2097"]
[BlackElo "1998"]
[PlyCount "105"]
[EventDate "2010.05.12"]
[EventType "tourn"]
[EventRounds "5"]
[EventCountry "CAN"]
[SourceTitle "EXT 2013"]
[Source "ChessBase"]
[SourceDate "2012.11.22"]
[SourceVersion "1"]
[SourceVersionDate "2012.11.22"]
[SourceQuality "1"]

1. g3 d5 2. Bg2 c5 3. Nf3 Nf6 4. 0-0 e6 5. d3 Bd6 6. Nc3 Nc6 7. e4 0-0 8. Bg5 Be7 9. e5 Nd7 10. Bxe7 Qxe7 11. Re1 a6 12. a4 Rb8 13. b3 b5 14. axb5 axb5 15. d4 b4 16. Ne2 Bb7 17. Qd2 Ra8 18. dxc5 Qxc5 19. Rxa8 Rxa8 20. Nc1 Ra1 21. Bf1 Qc3 22. Qxc3 bxc3 23. Ne2 Rxe1 24. Nxe1 d4 25. f4 Ba6 26. Nxd4 Nxd4 27. Bxa6 Nc5 28. Bc4 Ne4 29. b4 Kf8 30. Bd3 Nd2 31. Kf2 Ke7 32. b5 Nf5 33. g4 Nh6 34. h3 g6 35. Ke3 Kd7 36. Nf3 Nxf3 37. Kxf3 Ng8 38. Ke3 Ne7 39. Be4 Kc7 40. Kd4 Kb6 41. Kc4 h6 42. Bc6 g5 43. fxg5 hxg5 44. Kxc3 Ng6 45. Kd4 Nf4 46. c4 Nxh3 47. c5+ Kc7 48. Bg2 Nf4 49. b6+ Kb8 50. Bf3 Ng6 51. c6 Kc8 52. Be4 Ne7 53. Kc5 1-0

[Event "Montreal Saturday op 01"]
[Site "Montreal"]
[Date "2010.02.03"]
[Round "5"]
[White "Lange, David"]
[Black "Levkovsky, Alexandre"]
[Result "1-0"]
[WhiteElo "1960"]
[BlackElo "2194"]
[PlyCount "97"]
[EventDate "2010.01.06"]
[EventType "tourn"]
[EventRounds "5"]
[EventCountry "CAN"]
[SourceTitle "EXT 2011"]
[Source "ChessBase"]
[SourceDate "2010.11.26"]
[SourceVersion "1"]
[SourceVersionDate "2010.11.26"]
[SourceQuality "1"]

1. d4 d5 2. c4 dxc4 3. Nc3 a6 4. a4 Nc6 5. e3 Na5 6. Nf3 Bg4 7. h3 Bh5 8. g4 Bg6 9. Ne5 e6 10. Nxc4 Bb4 11. Nxa5 Bxa5 12. Bg2 c6 13. Qb3 Qe7 14. 0-0 h5 15. g5 Qb4 16. Qxb4 Bxb4 17. a5 Ne7 18. Ra4 Bxc3 19. bxc3 Bd3 20. Re1 Nd5 21. c4 Nc3 22. Rb4 Ne2+ 23. Kh2 Nxc1 24. Rxc1 0-0-0 25. Rc3 Bg6 26. Rcb3 Rd7 27. Bxc6 bxc6 28. Rb8+ Kc7 29. R3b7+ Kd6 30. c5+ Ke7 31. Rxd7+ Kxd7 32. Rxh8 e5 33. Kg3 Ke6 34. Re8+ Kd5 35. Rxe5+ Kc4 36. f4 Bd3 37. Re7 Kb5 38. Rxf7 g6 39. Rf6 Be4 40. Re6 Bf5 41. Rd6 Be4 42. h4 Kxa5 43. Re6 Bd5 44. Rxg6 Kb4 45. f5 a5 46. Rg7 a4 47. Ra7 a3 48. g6 Bb3 49. Rxa3 1-0

[Event "Montreal Saturday op 01"]
[Site "Montreal"]
[Date "2010.01.06"]
[Round "1"]
[White "Gagnon, Serge"]
[Black "Lange, David"]
[Result "1/2-1/2"]
[WhiteElo "2000"]
[BlackElo "1960"]
[PlyCount "168"]
[EventDate "2010.01.06"]
[EventType "tourn"]
[EventRounds "5"]
[EventCountry "CAN"]
[SourceTitle "EXT 2011"]
[Source "ChessBase"]
[SourceDate "2010.11.26"]
[SourceVersion "1"]
[SourceVersionDate "2010.11.26"]
[SourceQuality "1"]

1. d4 d5 2. c4 c6 3. Nf3 Nf6 4. Bg5 e6 5. cxd5 exd5 6. Nc3 Be7 7. e3 0-0 8. Bd3 h6 9. Bxf6 Bxf6 10. 0-0 Nd7 11. Qc2 Re8 12. b4 Nb6 13. Rab1 Bd7 14. Rfc1 Nc8 15. b5 Nd6 16. Qb3 Ne4 17. Bxe4 dxe4 18. Nd2 Be6 19. Qc2 cxb5 20. Rxb5 b6 21. Ndxe4 Bc4 22. Nxf6+ Qxf6 23. Rb4 Rac8 24. Ne4 Qe6 25. Rxc4 Rxc4 26. Qxc4 Qxe4 27. d5 Qe5 28. Rd1 Qh5 29. Qd4 Qe2 30. Qd2 Qb5 31. f3 Qc5 32. Kf2 Qc4 33. g3 Rd8 34. e4 Qc5+ 35. Qd4 Qa3 36. Rd2 Qc1 37. Kg2 Qe1 38. Rc2 Qb1 39. Qb2 Qd1 40. Rc7 Qa4 41. Qc2 Qa6 42. Qc4 b5 43. Qb3 b4 44. Qc4 Qa3 45. Rc8 Qb2+ 46. Qc2 Qxc2+ 47. Rxc2 a5 48. Kf2 a4 49. Ke3 Rb8 50. d6 b3 51. axb3 axb3 52. Rb2 f6 53. Kd4 Kf7 54. f4 Ke6 55. Kc3 Re8 56. Kd3 Rb8 57. Kc3 Rc8+ 58. Kxb3 Kxd6 59. Rd2+ Ke6 60. Rd4 g5 61. Rc4 Rd8 62. Rc6+ Kf7 63. Kc3 Rd1 64. Rc7+ Kg6 65. f5+ Kh5 66. Rf7 Rd6 67. h3 Ra6 68. Kd4 Rd6+ 69. Kc5 Rd3 70. g4+ Kh4 71. Rxf6 Kxh3 72. Rxh6+ Kxg4 73. f6 Rd8 74. f7 Kf4 75. Rf6+ Kxe4 76. f8Q Rxf8 77. Rxf8 g4 78. Kc4 g3 79. Re8+ Kf3 80. Kd3 g2 81. Rg8 Kf2 82. Rf8+ Kg3 83. Rg8+ Kf2 84. Rf8+ Kg3 1/2-1/2

[Event "NOR-chB"]
[Site "Moss"]
[Date "2006.07.09"]
[Round "2"]
[White "Lones, Andreas"]
[Black "Lange, David"]
[Result "0-1"]
[WhiteElo "673"]
[BlackElo "1050"]
[PlyCount "120"]
[EventDate "2006.07.08"]
[EventType "swiss"]
[EventRounds "9"]
[EventCountry "NOR"]
[SourceTitle "EXT 2007"]
[Source "ChessBase"]
[SourceDate "2006.11.23"]
[SourceVersion "1"]
[SourceVersionDate "2006.11.23"]
[SourceQuality "1"]

1. e4 e5 2. Nf3 Nc6 3. Bc4 Bc5 4. c3 Nf6 5. d4 exd4 6. cxd4 Bb4+ 7. Bd2 Nxe4 8. Qe2 d5 9. Bb5 0-0 10. Bxc6 Nxd2 11. Nbxd2 bxc6 12. 0-0 Bg4 13. Qa6 Qf6 14. Qd3 Rfe8 15. Rfe1 Bf5 16. Qa6 Bxd2 17. Nxd2 Qxd4 18. Qxc6 Rf8 19. Qc1 Bd3 20. Nb3 Qc4 21. Rd1 Qxc1 22. Raxc1 Bc4 23. Nd2 Rab8 24. b3 Be2 25. Re1 Bg4 26. Rxc7 Ra8 27. h3 Be6 28. Nf3 h6 29. Nd4 Rfe8 30. Rd1 a5 31. Nxe6 fxe6 32. Rc5 a4 33. b4 Reb8 34. a3 Kf7 35. Rc7+ Kf6 36. f4 g5 37. Rd4 Kf5 38. Rf7+ Kg6 39. Re7 Kf6 40. Rh7 Rh8 41. Rxh8 Rxh8 42. b5 Rb8 43. Rb4 Kf5 44. g4+ Kf6 45. Kf2 gxf4 46. Rxf4+ Ke5 47. Rb4 d4 48. Kf3 Rb7 49. b6 Kd5 50. Ke2 Kc5 51. Kd3 e5 52. Ke4 Rxb6 53. Rxa4 Rb3 54. Ra5+ Kc4 55. Rxe5 Rxa3 56. Rd5 Rd3 57. h4 Re3+ 58. Kf4 Kxd5 59. g5 hxg5+ 60. hxg5 Re8 0-1